Statistics for Countries that Border Germany

Click here to take the quiz!

General Stats

  • This quiz has been taken 98 times
  • The average score is 8 of 9

Answer Stats

Answer% Correct
Denmark
97%
France
97%
Poland
97%
Austria
96%
Belgium
95%
Netherlands
95%
Luxembourg
90%
Switzerland
90%
Czech Republic
85%

Score Distribution

Percentile by Number Answered

Percent of People with Each Score

Your Score History

You have not taken this quiz